<?xml version="1.0" encoding="UTF-8"?>
<record
    xmlns:xsi="http://www.w3.org/2001/XMLSchema-instance"
    xsi:schemaLocation="http://www.loc.gov/MARC21/slim http://www.loc.gov/standards/marcxml/schema/MARC21slim.xsd"
    xmlns="http://www.loc.gov/MARC21/slim">

  <leader>006010000a22001690004500</leader>
  <datafield tag="090" ind1=" " ind2=" ">
    <subfield code="a">SERIADAS</subfield>
  </datafield>
  <datafield tag="100" ind1="1" ind2=" ">
    <subfield code="a">G&#xF3;mez, Jes&#xFA;s D.</subfield>
    <subfield code="9">100773</subfield>
  </datafield>
  <datafield tag="700" ind1="1" ind2=" ">
    <subfield code="a">Poveda, Germ&#xE1;n</subfield>
    <subfield code="9">100774</subfield>
  </datafield>
  <datafield tag="245" ind1="1" ind2="0">
    <subfield code="a">Estimaci&#xF3;n del espectro multifractal para series de precipitaci&#xF3;n horaria en los Andes tropicales de Colombia</subfield>
  </datafield>
  <datafield tag="044" ind1=" " ind2=" ">
    <subfield code="a">Colombia</subfield>
  </datafield>
  <datafield tag="041" ind1="0" ind2=" ">
    <subfield code="a">Espa&#xF1;ol</subfield>
  </datafield>
  <datafield tag="650" ind1="1" ind2="4">
    <subfield code="a">Precipitaci&#xF3;n</subfield>
    <subfield code="9">9168</subfield>
  </datafield>
  <datafield tag="650" ind1="1" ind2="4">
    <subfield code="a">Hidrolog&#xED;a</subfield>
    <subfield code="9">92912</subfield>
  </datafield>
  <datafield tag="651" ind1=" " ind2="4">
    <subfield code="p">Colombia</subfield>
    <subfield code="l">Regi&#xF3;n andina</subfield>
    <subfield code="9">92749</subfield>
  </datafield>
  <datafield tag="942" ind1=" " ind2=" ">
    <subfield code="c">ARTICULO</subfield>
  </datafield>
  <datafield tag="773" ind1="1" ind2=" ">
    <subfield code="t">Revista de la Academia Colombiana de Ciencias Exactas, F&#xED;sicas y Naturales</subfield>
    <subfield code="h">125</subfield>
    <subfield code="q">483-502</subfield>
    <subfield code="d">2008</subfield>
    <subfield code="g">32</subfield>
  </datafield>
  <datafield tag="999" ind1=" " ind2=" ">
    <subfield code="c">16411</subfield>
    <subfield code="d">16411</subfield>
  </datafield>
</record>
